La conquista divina de Michoacán /

Bibliographic Details
Main Author: Le Clézio, J.-M. G. (Jean-Marie Gustave), 1940-
Format: Book
Language:Spanish
Published: México : Fondo de Cultura Económica, 1985.
Edition:1a ed. en español.
Series:Cuadernos de La Gaceta ; 4.
Subjects:

MARC

Tag First Indicator Second Indicator Subfields
LEADER 00000cam a2200000 a 4500
001 in00001260521
005 20151004051036.0
008 860808s1985 mx b 000 1 spa
010 |a  86192954  
019 |a 13638045 
020 |a 9681619978 
035 |a (OCoLC)23287492 
035 |9 AGW4815AM 
040 |a DLC  |c DLC  |d TXA  |d UtOrBLW 
041 1 |a spa  |h fre 
043 |a n-mx--- 
049 |a TXAM 
050 0 0 |a PQ2672.E25  |b C6 1985 
082 0 0 |a 843/.914  |2 20 
100 1 |a Le Clézio, J.-M. G.  |q (Jean-Marie Gustave),  |d 1940- 
240 1 0 |a Conquête divine de Michoacán.  |l Spanish 
245 1 3 |a La conquista divina de Michoacán /  |c Jean-Marie Le Clézio ; [traducción de Aurelio Garzón del Camino]. 
250 |a 1a ed. en español. 
264 1 |a México :  |b Fondo de Cultura Económica,  |c 1985. 
300 |a 110 pages ;  |c 21 cm. 
336 |a text  |b txt  |2 rdacontent 
337 |a unmediated  |b n  |2 rdamedia 
338 |a volume  |b nc  |2 rdacarrier 
490 1 |a Cuadernos de La Gaceta ;  |v 4 
500 |a Translation of: La conquête divine de Michoacán. 
504 |a Includes bibliographical references: pages 106-110. 
651 0 |a Michoacán de Ocampo (Mexico)  |x History  |x Fiction. 
830 0 |a Cuadernos de La Gaceta ;  |v 4. 
999 |a MARS 
999 f f |s 189aadc2-e2ad-3690-8080-9618dcfad71e  |i 0d08f3ce-064f-3060-9f55-1b8b5e88fe13  |t 0 
952 f f |p ric  |a Texas A&M University  |b Rellis Campus  |c Joint Library Facility  |d Remote Storage  |t 0  |e PQ2672.E25 C6 1985  |h Library of Congress classification  |i unmediated -- volume  |m A14820358624 
998 f f |a PQ2672.E25 C6 1985  |t 0  |l Remote Storage